| 000 | 00357pam a2200157a 44500 | ||
|---|---|---|---|
| 008 | 230515b1988 xxu||||| |||| 00| 0 eng d | ||
| 020 | _aNULL | ||
| 041 | _aENGL | ||
| 082 | _a620.106 /JOH | ||
| 100 | _aJOHN J.E.A. | ||
| 245 | _aINTRODUCTION TO FLUID MECHANICS | ||
| 250 | _aN.D. | ||
| 260 |
_aNULL _bPRENT _c1988 |
||
| 300 | _a1273 PB | ||
| 650 | _aNULL | ||
| 999 |
_c620156 _d620156 |
||